000 00495nam a2200181Ia 4500
008 151202s9999||||xx |||||||||||||| ||und||
082 _bPNVM-14301
100 _aखांडेकर वि.स.
245 _aदोन ध्रुव.
260 _b---
260 _c0
300 _a0
600 _aखांडेकर वि.स.
630 _aदोन ध्रुव.
700 _aखांडेकर वि.स.
730 _aदोन ध्रुव.
942 _cBOOK
999 _c1280287
_d1280284